|
|
|
|
| LEADER |
00000nam a22000007a 4500 |
| 005 |
20211229224615.0 |
| 007 |
cr|||| |||| |
| 008 |
211229s2019 eu |||||s||||i00||0 eng d |
| 020 |
|
|
|a 978-92-76-11208-2
|
| 035 |
|
|
|a 34058
|
| 040 |
|
|
|a vLex
|
| 090 |
|
|
|c 12801
|d 12801
|
| 100 |
1 |
|
|a Romieu, Violaine
|
| 245 |
1 |
0 |
|a Implementation of the EMFF in outermost regions
|h [Recurso electrn̤ico] :
|b Final report /
|c Violaine Romieu, Tanguy Chever, Bruno Bordeau, Safa Souidi
|
| 256 |
|
|
|a Servicio en ln̕ea
|
| 260 |
|
|
|a Bruselas:
|b European Union Publications Office,
|c 2019
|
| 300 |
|
|
|a 1 recurso electrn̤ico
|
| 506 |
1 |
|
|a Disponible solo en los productos indicados
|d vLex Global
|d vLex Global (Academic Edition, excluding Law Schools)
|d vLex Global (U.S. Academic Edition, Law Schools)
|d vLex Global (U.S. Academic Edition, excluding Law Schools)
|d vLex Global (Academic Edition, Law Schools)
|
| 650 |
0 |
4 |
|a Pesca
|z Unin̤ Europea
|
| 650 |
0 |
4 |
|a Derecho Comunitario
|z Unin̤ Europea
|
| 700 |
1 |
|
|a Chever, Tanguy
|
| 700 |
1 |
|
|a Bordeau, Bruno
|
| 700 |
1 |
|
|a Souidi, Safa
|
| 740 |
0 |
|
|a vLex Libros (Servicio en ln̕ea)
|
| 856 |
4 |
0 |
|u https://app.vlex.com/#/sources/34058
|z Acceso restringido
|
| 942 |
|
|
|c BOOK
|
| 999 |
0 |
|
|a Fishing
|
| 999 |
0 |
|
|a Community Law
|